00997nam a2200169Ia 4500003000900000005001700009008004100026040003100067040001300098041000800111100002100119245010600140250001100246260003800257300001700295520051500312IT-RoPAU20220918175928.0120407s9999 xx 000 0 und d aIT-RoPAUc20130410102130.0 cIT-RoPAU aita aGiovannini Luigi aOrganizzazione Apostolica e Multimedialità balla luce della III Priorità. Alba.7-9 ottobre 1992. a1° ed aRomabCasa Generalizia SSPc1992 a83 p.c21 cm aIndice Introduzione, di don Silvio Pignotti, Superiore Generale Don Silvio Pignotti, Introduzione all'incontro fra il Governo generale e il Comitato Tecnico Internazionale per l'Apostolato (CTIA) Don Renato Perino, Il Paolino editore oggi, alla luce dei fondamenti carismatici della Società San Paolo Prof. Gabriele Calvi, L'editore multimediale Dr. Alberto Herrmann, Struttura e gestione di una Casa editrice con carattere internazionale Governo Generale SSP, documento A proposito della III.a priorità